000
00413nam a22001097a 4500
008
110628t xxu||||| |||| 00| 0 eng d
010
_a
HCCSF-92
245
_a
High Court Civil Suit No.41 of 1994 Ramaklal Jivarhal Patel Vs Rakadhan Namakola.
260
_c
1994
500
_a
Before: The Hon. Mr. Justice Augustus Katia
999
_c
4203
_d
4203